书目信息

书名: 鲢种质资源保护与利用 
作者: 邹桂伟 梁宏伟 主编
出版信息: 上海   上海科学技术出版社  2023.12
开本页数: 27cm  210页
丛书名: 中国大宗淡水鱼种质资源保护与利用丛书
单 册:
中图分类: S965.1 S965.113
科图分类:
主题词: 鲢--lian--种质资源--研究--中国
电子资源:
ISBN: 978-7-5478-6299-5
000 01326oam2 22003011 450
001 0120210518
005 20240920210518.0
010    @a978-7-5478-6299-5@b精装@dCNY120.00
100    @a20240131d2023 em y0chiy0121 ea
101 @achi
102    @aCN@b310000
105    @aa a 000yy
106    @ar
200 @a鲢种质资源保护与利用@Alian zhong zhi zi yuan bao hu yu li yong@f主编邹桂伟, 梁宏伟
210    @a上海@c上海科学技术出版社@d2023.12
215    @a210页@c图 (部分彩图)@d27cm
225 @a中国大宗淡水鱼种质资源保护与利用丛书@Azhong guo da zong dan shui yu zhong zhi zi yuan bao hu yu li yong cong shu
300    @a国家出版基金项目 世纪出版
320    @a有书目 (第199-210页)
330    @a本书汇集了鲤的种质资源保护、开发、养殖新品种培育、配套养殖新技术研发及水产品加工等方面的最新成果, 具有系统性、权威性、科学性和指导性, 可对未来大宗淡水鱼产业发展提供导向, 还可以为开展大宗淡水鱼种质资源开发利用、生态保护与修复及渔业的可持续发展等方面工作提供科技支撑, 为种业振兴行动增添助力。
410  0 @12001@a中国大宗淡水鱼种质资源保护与利用丛书
606 @a鲢@Alian@x种质资源@x研究@y中国
690    @aS965.1@v5
690    @aS965.113@v5
701  0 @a邹桂伟@Azou gui wei@4主编
701  0 @a梁宏伟@Aliang hong wei@4主编
801  0 @aCN@b人天书店@c20240131
905    @aCKNYKJZYXY@b300705895-6@dS965.1@e112@f2
    
    鲢种质资源保护与利用/主编邹桂伟, 梁宏伟.-上海:上海科学技术出版社,2023.12
    210页:图 (部分彩图);27cm.-(中国大宗淡水鱼种质资源保护与利用丛书)
    国家出版基金项目 世纪出版
    
    ISBN 978-7-5478-6299-5(精装):CNY120.00
    本书汇集了鲤的种质资源保护、开发、养殖新品种培育、配套养殖新技术研发及水产品加工等方面的最新成果, 具有系统性、权威性、科学性和指导性, 可对未来大宗淡水鱼产业发展提供导向, 还可以为开展大宗淡水鱼种质资源开发利用、生态保护与修复及渔业的可持续发展等方面工作提供科技支撑, 为种业振兴行动增添助力。
相关链接 在五车中查询图书 在当当中查询图书 在豆瓣中查询图书


正题名:鲢种质资源保护与利用     索取号:S965.1/112         预约/预借

序号 登录号 条形码 馆藏地/架位号 状态 备注
1 705895   300705895   柳城-4楼/35架4列2层/ [索取号:S965.1/112] 在馆    
2 705896   300705896   柳城-4楼/35架4列2层/ [索取号:S965.1/112] 在馆